Bobby Horton Discography - Statistics

General Stats
  • This quiz has been taken 4 times
  • The average score is 16 of 22
Answer Stats
Album % Correct
Homespun Songs of the {C.S.A.}, Vol. 1
100%
Homespun Songs of the {C.S.A.}, Vol. 2
100%
Homespun Songs of the {C.S.A.}, Vol. 3
100%
Homespun Songs of the {C.S.A.}, Vol. 4
100%
Homespun Songs of the {C.S.A.}, Vol. 5
100%
Homespun Songs of the {C.S.A.}, Vol. 6
100%
Homespun Songs of the {Union} {Army}, Vol. 1
100%
Homespun Songs of the {Union} {Army}, Vol. 2
100%
Homespun Songs of the {Union} {Army}, Vol. 3
100%
Homespun Songs of the {Union} {Army}, Vol. 4
100%
Homespun Songs of {19th} {Century} {America}
50%
Homespun Songs of {Stephen} {Foster}
50%
Homespun Songs of the {American} {West}
50%
Homespun Songs of the {Badlands}
50%
Homespun Songs of the {Christmas} {Season}
50%
Homespun Songs of the {Christmas} {Season}, Vol. 2
50%
Homespun Songs of the {Faith}: 1861 - 1865, Vol. 1
50%
Homespun Songs of the {Faith}: 1861 - 1865, Vol. 2
50%
Homespun Songs of the {Great} {Smoky} {Mountains}
50%
Homespun Songs of the {Patriots} {in} {the} {American} {Revolution}
50%
Homespun Songs of {Vicksburg}
50%
Homespun Songs of the {Apostle} {Islands}
25%
No matching quizzes found
Score Distribution
Percent of People with Each Score
Percentile by Number Answered
Your Score History
You have not taken this quiz